Kačka & mops /
Zábavný komiks pro malé i velké ze života sedmileté upovídané holčičky s vtipem zachycuje střet dětského a dospěláckého vidění světa i radosti a strasti péče o domácího mazlíčka.
Uloženo v:
| Série: | Kačka & mops,
část 1 |
|---|---|
| Hlavní autor: | |
| Médium: | E-kniha |
| Jazyk: | Czech |
| Vydáno: |
V Brně :
CPress,
2020
|
| Vydání: | 1. vydání |
| Témata: | |
| Příbuzné jednotky: | Z cyklu::
Kačka & mops |
| Tagy: |
Žádné tagy |
| LEADER | 02301nam a2200457 i 4500 | ||
|---|---|---|---|
| 001 | 311154 | ||
| 003 | CZ PrSKC | ||
| 005 | 20260601215700.0 | ||
| 007 | ta | ||
| 008 | 200403s2020 xr a b 6 000 1 cze | ||
| 015 | |a cnb003214374 | ||
| 020 | |a 9788026430827 |q (brožováno) : |c Kč 199,00 | ||
| 035 | |a (OCoLC)1200256812 | ||
| 040 | |a ABG001 |b cze |d ABA001 |e rda | ||
| 072 | 7 | |a 741.52 |x Komiksy. Komiksové adaptace |2 Konspekt | |
| 072 | 7 | |a 821-93 |x Literatura pro děti a mládež (beletrie) |2 Konspekt | |
| 080 | |a 741.52(0:82-32) |2 MRF | ||
| 080 | |a 821-93 |2 MRF | ||
| 100 | 1 | |a Perglová, Kateřina |7 osa20191051794 |4 aut |4 ill | |
| 245 | 1 | 0 | |a Kačka & mops / |c Kateřina Perglová |
| 246 | 3 | |a Kačka a mops | |
| 250 | |a 1. vydání | ||
| 264 | 1 | |a V Brně : |b CPress, |c 2020 | |
| 300 | |a 100 nečíslovaných stran : |b ilustrace ; |c 21 cm | ||
| 336 | |a text |b txt |2 rdacontent | ||
| 336 | |a statický obraz |b sti |2 rdacontent | ||
| 337 | |a bez média |b n |2 rdamedia | ||
| 338 | |a svazek |b nc |2 rdacarrier | ||
| 500 | |a Obálkový podnázev: uchrochtaný komiks | ||
| 520 | 2 | |a Zábavný komiks pro malé i velké ze života sedmileté upovídané holčičky s vtipem zachycuje střet dětského a dospěláckého vidění světa i radosti a strasti péče o domácího mazlíčka. |b Příběh potěší všechny, kdo si život bez čtyřnohého kamaráda nedovedou představit, obzvlášť ty, kteří propadli specifickému kouzlu mopsů. Život autorky komiksu je silně poznamenán mopsí přítomností a autorka je přesvědčena, že úplně každý by měl vyrůstat s mopsem. Nakladatelská anotace. | |
| 655 | 7 | |a komiksy |7 fd131978 |2 czenas | |
| 655 | 7 | |a publikace pro děti |7 fd133156 |2 czenas | |
| 655 | 9 | |a comics (graphic works) |2 eczenas | |
| 655 | 9 | |a children's literature |2 eczenas | |
| 787 | 0 | 8 | |i Z cyklu: |t Kačka & mops |g 1 |
| 900 | |a ABA001 |b 19 | ||
| 928 | 9 | |a Albatros Media - CPress | |
| 044 | |a xr | ||
| 910 | |a RBIT002 | ||
| 998 | |d 205292 |a https://core.palmknihy.cz/api/books/205292/cover?q805vp |b https://core.palmknihy.cz/api/books/205292/cover/400?q805vp |c https://core.palmknihy.cz/api/books/205292/cover/50?q805vp |e 2029-12-31 |g 104 |i 9788026430827 |k https://core.palmknihy.cz/api/books/205292/preview.pdf |l |q 49 |r 1 |s https://www.palmknihy.cz/kniha/205292 |t ebook |y 2020 |z 0 | ||
| 999 | |d 311152 | ||